000 00832nam a22002057a 4500
003 JO-AjAnu
005 20241019100811.0
008 241019b jo ||||| |||| 00| 0 ara d
020 _a978-9933-18-651-7
040 _cJO-AjAnu
041 _hARA
100 _aسيرفينكو، يارو سلاف
_eمؤلف
_966281
245 _aالمنتجات الغذائية الحيوانية : اساسيات انتاجها وحفظها وفوائدها
_c / يارو سلاف سيرفينكو
260 _aدمشق :
_bدار غلاء الدين للنشر والطباعة والتوزيع،
_c2018
300 _a381 صفحة
500 _aيحتوي هذا الكتاب على صور وجداول
650 _vالصناعات الغذائية
700 _aطه الشيخ حسن
_eمعد ومترجم
_966285
942 _2lcc
_cBK
_n0
999 _c33741
_d33741